|
|
|
|
| LEADER |
00954nam a22002537a 4500 |
| 001 |
28164 |
| 003 |
BD-DhAAL |
| 005 |
20190523132848.0 |
| 008 |
140713s2013 enka b 000 0 eng |
| 999 |
|
|
|c 32861
|d 32861
|
| 020 |
|
|
|a 9780580815232
|
| 040 |
|
|
|a BD-DhAAL
|c BD-DhAAL
|
| 082 |
0 |
4 |
|2 22
|a 307.1216
|
| 245 |
0 |
0 |
|a Inclusive urban design :
|b a guide to creating accessible public spaces /
|c by David Bonnett Associates.
|
| 260 |
|
|
|a London :
|b BSI Publishers,
|c c2013.
|
| 300 |
|
|
|a v, 152 p. :
|b ill. ;
|c 26 cm.
|
| 504 |
|
|
|6 Includes bibliographical references.
|
| 526 |
|
|
|a ARC
|
| 541 |
|
|
|e 28164
|
| 650 |
|
0 |
|a City planning
|x Social aspects.
|9 5385
|
| 650 |
|
0 |
|a Architecture and society.
|9 5386
|
| 710 |
2 |
0 |
|a David Bonnett Associations.
|9 5387
|
| 942 |
|
|
|2 ddc
|c BK
|
| 952 |
|
|
|0 0
|1 0
|2 ddc
|4 0
|6 307_121600000000000_INC
|7 0
|9 43102
|a BRACUL
|b BRACUL
|c GEN
|d 2014-07-13
|e Trim Education
|g 10295.00
|l 4
|m 30
|o 307.1216 INC
|p 3010028164
|r 2023-10-15
|s 2023-10-02
|t 1
|w 2014-07-13
|y BK
|